Wird geladen...

Kaalaporinte naattil /

Bibliographische Detailangaben
1. Verfasser: Ramavarma, K. T.
Format: Printed Book
Sprache:Malayalam
Veröffentlicht: Current Books , 1970.
LEADER 00405nam a2200133Ia 4500
008 150624b xxu||||| |||| 00| | mal d
100 |a Ramavarma, K. T. 
245 |c K. T. Ramavarma  |a Kaalaporinte naattil / 
260 |b Current Books ,  |c 1970. 
300 |a 110 p. 
546 |a In Malayalam. 
942 |c BK 
999 |c 73017  |d 73017 
952 |0 1  |1 0  |4 1  |7 0  |9 72963  |a UL  |b UL  |c ST1  |d 1998-09-15  |l 0  |p 11922  |r 2012-10-27  |w 2012-10-27  |y BK